Najvýhodnejším variantom je vybudovanie hlbinného úložiska jadrového odpadu
Koncepcia likvidácie jadrového odpadu schválená vládou SR na začiatku r. 2001. Uprednostnenie hĺbkového uloženia vyhoretého jadrového paliva v špeciálnom hlbinnom sklade na území Slovenska. Množstvo jadrového odpadu. Definitívne rozhodnutie o definitívnom riešení uloženia vyhoretého jadrového paliva...
Enregistré dans:
| Auteur principal: | |
|---|---|
| Format: | Chapitre de livre |
| Langue: | slovaque |
| Sujets: | |
| Tags: |
Pas de tags, Soyez le premier à ajouter un tag!
|
MARC
| LEADER | 00000naa a2200000 4500 | ||
|---|---|---|---|
| 001 | r040585 | ||
| 005 | 20230921111124.1 | ||
| 041 | 0 | |a slo | |
| 044 | |a SK | ||
| 245 | 1 | 0 | |a Najvýhodnejším variantom je vybudovanie hlbinného úložiska jadrového odpadu |c Peter Šporer |
| 520 | |a Koncepcia likvidácie jadrového odpadu schválená vládou SR na začiatku r. 2001. Uprednostnenie hĺbkového uloženia vyhoretého jadrového paliva v špeciálnom hlbinnom sklade na území Slovenska. Množstvo jadrového odpadu. Definitívne rozhodnutie o definitívnom riešení uloženia vyhoretého jadrového paliva bude možné počas nasledujúcich 10 rokov. Bohunický medzisklad načas pomôže Mochovciam. Možnosť definitívneho uloženia v Rusku. | ||
| 610 | 2 | 0 | |a elektrárne atómové |
| 610 | 2 | 0 | |a energia atómová |
| 610 | 2 | 0 | |a odpad |
| 610 | 2 | 0 | |a likvidácia odpadu |
| 610 | 2 | 0 | |a Slovensko |
| 610 | 2 | 0 | |a Rusko |
| 100 | 1 | |a Šporer, Peter | |